[Event "Junior Online 4NCL Division 2"]
[Site "online"]
[Date "2020.05.28"]
[Round "7.73"]
[White "Dicen, Elis Denele"]
[Black "Morrison, Joseph"]
[Result "1/2-1/2"]
[WhiteElo "1697"]
[BlackElo "1465"]
[PlyCount "220"]
[EventDate "2020.05.28"]
[WhiteTeam "Warwickshire Bears A"]
[BlackTeam "Surbiton Juniors A"]

1. e4 d5 2. exd5 Nf6 3. Nf3 Nxd5 4. Bc4 c6 5. O-O e6 6. Bxd5 cxd5 7. d4 Nc6 8.
c3 Be7 9. Bf4 O-O 10. Nbd2 b6 11. Qa4 Bb7 12. Rfe1 Rc8 13. Bg3 a6 14. Qd1 b5
15. a3 Na5 16. Ne5 Nc4 17. Ndxc4 bxc4 18. Qd2 Bf6 19. Ng4 Bg5 20. f4 Bh4 21.
Qf2 Bxg3 22. Qxg3 Kh8 23. Ne5 Bc6 24. Re2 Ba4 25. Rf1 Qe7 26. h3 Rb8 27. Rff2
Bd1 28. Rd2 Bh5 29. Nc6 Qb7 30. Nxb8 Rxb8 31. Qe3 Bg6 32. Kh2 h6 33. Qe5 Kg8
34. Qe2 Bd3 35. Qe3 Qc7 36. Qe5 Qb7 37. Qd6 Rc8 38. Qb4 Qc7 39. Qa4 Qb7 40. Qd1
Rb8 41. Qg4 Kh8 42. Qh5 Bg6 43. Qf3 Be4 44. Qe3 Qc7 45. Kg1 Qb7 46. Rfe2 Qc7
47. Qf2 Qb7 48. Re3 Qc7 49. g3 Qb7 50. Kh2 Qc7 51. Rde2 Bd3 52. Rd2 Be4 53. Re1
Qb7 54. Red1 Qc7 55. Qe2 Qb7 56. Qe3 Qc7 57. Rf1 Qb7 58. Rff2 Qc7 59. Qe1 Qb7
60. Qd1 Qc7 61. Qa4 Qb7 62. Qd1 Qc7 63. a4 Qb7 64. Qa1 Qc7 65. Qa3 Qb7 66. Rf1
Qc7 67. Ra1 Qb7 68. Qc5 Ra8 69. a5 Rb8 70. Ra4 Qb3 71. Qa3 Qb7 72. Rb4 Qc7 73.
Rxb8+ Qxb8 74. Qb4 Qxb4 75. cxb4 Kg8 76. Kg1 Kf8 77. Kf2 Ke7 78. Ke1 Kd7 79.
Kd1 Kc6 80. Rf2 Kb5 81. Kd2 Kxb4 82. Kc1 Kxa5 83. Re2 Kb4 84. Re3 a5 85. Kd2 a4
86. h4 h5 87. Rc3 g6 88. Ke3 f5 89. Kd2 Bg2 90. Re3 Be4 91. Ra3 Bg2 92. Ke3 Be4
93. Kf2 Bh1 94. Ke3 Be4 95. Kd2 Bg2 96. Kc1 Be4 97. Ra1 Bg2 98. Ra2 Be4 99. Ra3
Bg2 100. Re3 Be4 101. Re2 Kb3 102. Re3+ Kb4 103. Rc3 Bg2 104. Kd2 Be4 105. Ke2
Bg2 106. Kf2 Be4 107. Kg1 Bb1 108. Ra3 Be4 109. Kf2 Bh1 110. Ke3 Be4 1/2-1/2

[Event "Junior Online 4NCL Division 2"]
[Site "online"]
[Date "2020.05.28"]
[Round "7.74"]
[White "Solanki, Rohan"]
[Black "Agrawal, Ansh"]
[Result "0-1"]
[WhiteElo "1315"]
[BlackElo "1607"]
[PlyCount "42"]
[EventDate "2020.05.28"]
[WhiteTeam "Surbiton Juniors A"]
[BlackTeam "Warwickshire Bears A"]

1. e4 e5 2. Bc4 Nc6 3. Qh5 g6 4. Qf3 Nf6 5. d3 Nd4 6. Qd1 d6 7. c3 Nc6 8. Qa4
Bd7 9. Nf3 Bg7 10. Qb5 Nd4 11. Qxb7 Nc2+ 12. Kd1 Nxa1 13. Na3 O-O 14. Ke2 Bg4
15. Bg5 Rb8 16. Qxa7 Rxb2+ 17. Ke3 Nc2+ 18. Nxc2 Rxc2 19. Qa4 Rb2 20. h3 Bxf3
21. gxf3 Nd5+ 0-1

[Event "Junior Online 4NCL Division 2"]
[Site "online"]
[Date "2020.05.28"]
[Round "7.75"]
[White "Sturge, Sam"]
[Black "Dicen, Imogen"]
[Result "0-1"]
[WhiteElo "1660"]
[BlackElo "1847"]
[PlyCount "94"]
[EventDate "2020.05.28"]
[WhiteTeam "Surbiton Juniors A"]
[BlackTeam "Warwickshire Bears A"]

1. e4 c5 2. Nf3 Nc6 3. d4 cxd4 4. Nxd4 d6 5. Nc3 Bd7 6. Bc4 Nf6 7. a3 a6 8. Ba2
g6 9. Be3 Bg7 10. f3 O-O 11. Qd2 Qc7 12. O-O Rac8 13. Rac1 Rcd8 14. Nce2 e6 15.
c4 Rfe8 16. b4 e5 17. Nb5 axb5 18. cxb5 Be6 19. bxc6 bxc6 20. Rc3 Bxa2 21. Qxa2
Qd7 22. Rfc1 Rc8 23. Qc2 Ra8 24. Rd1 Rec8 25. Bc5 d5 26. exd5 cxd5 27. Qb3 d4
28. Rcd3 Rab8 29. Qc2 Nd5 30. Rb3 Qc6 31. Qb2 Ne3 32. Rc1 Qd7 33. Rd3 Qb5 34.
Rd2 Nc4 35. Rxc4 Qxc4 36. f4 Rxc5 37. fxe5 Bxe5 38. Ng3 Rcc8 39. Ne4 Bg7 40.
Nd6 Qc1+ 41. Kf2 Qxb2 42. Rxb2 Rc3 43. a4 d3 44. Rd2 Rc2 45. Ke1 Bc3 46. Ne4
Bxd2+ 47. Nxd2 Rxb4 0-1

[Event "Junior Online 4NCL Division 2"]
[Site "online"]
[Date "2020.05.28"]
[Round "7.76"]
[White "Chen, Daniel Xingyu"]
[Black "Jonikas, Augustas"]
[Result "1-0"]
[WhiteElo "1750"]
[BlackElo "1540"]
[PlyCount "31"]
[EventDate "2020.05.28"]
[WhiteTeam "Warwickshire Bears A"]
[BlackTeam "Surbiton Juniors A"]

1. e4 e5 2. Nf3 Nc6 3. Bb5 a6 4. Ba4 Bc5 5. O-O d6 6. c3 b5 7. Bc2 Qf6 8. d4
exd4 9. cxd4 Nxd4 10. Nxd4 Bxd4 11. Nc3 Bb7 12. Nd5 Bxd5 13. exd5 O-O-O 14.
Qg4+ Kb7 15. Bg5 Qg6 16. Bxg6 1-0

[Event "Junior Online 4NCL Division 2"]
[Site "online"]
[Date "2020.05.28"]
[Round "7.77"]
[White "Morrison, Joseph"]
[Black "Dicen, Elis Denele"]
[Result "0-1"]
[WhiteElo "1465"]
[BlackElo "1697"]
[PlyCount "136"]
[EventDate "2020.05.28"]
[WhiteTeam "Surbiton Juniors A"]
[BlackTeam "Warwickshire Bears A"]

1. c4 e6 2. Nc3 d5 3. cxd5 exd5 4. d4 Nf6 5. g3 Bd6 6. Bg2 c6 7. Nf3 O-O 8. O-O
Be6 9. Nd2 Nbd7 10. e4 dxe4 11. Ndxe4 Qc7 12. Nxd6 Qxd6 13. Bf4 Qe7 14. Re1 Nb6
15. d5 cxd5 16. Nxd5 Nbxd5 17. Bxd5 Rad8 18. Rc1 Rxd5 19. Qa4 Rd7 20. Qxa7 Rfd8
21. a4 Nd5 22. Be3 Nxe3 23. Qxe3 h6 24. Qf3 Qb4 25. Re5 Qxb2 26. Rce1 Qd4 27.
R5e4 Qd5 28. Qc3 Qd3 29. Qc1 Qd2 30. Qb1 Qd6 31. h4 Qd5 32. Re5 Qc6 33. R5e4
Rd2 34. Rf4 Qd7 35. Qa1 Rd1 36. Rxd1 Qxd1+ 37. Qxd1 Rxd1+ 38. Kg2 Bd5+ 39. Kh3
h5 40. f3 Bc6 41. Rf5 g6 42. Rf4 Ra1 43. Kg2 Rxa4 44. Rf6 Ra2+ 45. Kf1 Kg7 46.
Rd6 Bxf3 47. Rb6 Bc6 48. Ke1 Ra3 49. Kf2 Rf3+ 50. Ke2 Rxg3 51. Kf2 Rg4 52. Ke2
Rxh4 53. Kf2 Rg4 54. Kf1 h4 55. Kf2 g5 56. Rb3 Rg2+ 57. Kf1 Rg3 58. Rb2 h3 59.
Rh2 Bg2+ 60. Kf2 Rf3+ 61. Ke2 g4 62. Ke1 g3 63. Ke2 gxh2 64. Ke1 h1=Q+ 65. Ke2
Qf1+ 66. Kd2 Rd3+ 67. Kc2 Qe2+ 68. Kb1 Rd1# 0-1

[Event "Junior Online 4NCL Division 2"]
[Site "online"]
[Date "2020.05.28"]
[Round "7.78"]
[White "Agrawal, Ansh"]
[Black "Solanki, Rohan"]
[Result "1-0"]
[WhiteElo "1607"]
[BlackElo "1315"]
[PlyCount "49"]
[EventDate "2020.05.28"]
[WhiteTeam "Warwickshire Bears A"]
[BlackTeam "Surbiton Juniors A"]

1. d4 e6 2. c4 Qf6 3. Nf3 Qd8 4. Nc3 Nf6 5. e4 Bb4 6. Bg5 h6 7. Bxf6 Qxf6 8.
Qd2 Na6 9. a3 Be7 10. c5 d6 11. cxd6 cxd6 12. Bb5+ Bd7 13. Bxd7+ Kxd7 14. e5
Qg6 15. O-O Rad8 16. Rad1 Kc8 17. exd6 Rxd6 18. Nb5 Rb6 19. Nc3 Bf6 20. Rc1 Rd8
21. Nb5+ Kb8 22. Qf4+ Ka8 23. Nc7+ Nxc7 24. Qxc7 Rxb2 25. Qc8+ 1-0

[Event "Junior Online 4NCL Division 2"]
[Site "online"]
[Date "2020.05.28"]
[Round "7.81"]
[White "Dasgupta, Avyukt"]
[Black "Pert, Nina"]
[Result "1/2-1/2"]
[WhiteElo "1585"]
[BlackElo "1772"]
[PlyCount "117"]
[EventDate "2020.05.28"]
[WhiteTeam "Watford 1"]
[BlackTeam "Brentwood 1"]

1. e4 c6 2. Nf3 d5 3. exd5 cxd5 4. Ne5 Nf6 5. d4 g6 6. Bf4 Bg7 7. Bd3 O-O 8.
O-O Nc6 9. Re1 Nxd4 10. c3 Nc6 11. b4 Nh5 12. Nxc6 bxc6 13. Be5 Bxe5 14. Rxe5
Qd6 15. Qe1 Nf4 16. Bc2 Re8 17. g3 Nh3+ 18. Kg2 Qf6 19. f4 a5 20. Nd2 axb4 21.
cxb4 Bg4 22. Nb3 Qd6 23. Qc3 Rab8 24. Nc5 d4 25. Qb3 Red8 26. Bd3 h5 27. Rae1
Re8 28. a4 h4 29. a5 hxg3 30. hxg3 Kg7 31. a6 f6 32. R5e4 Qxc5 33. a7 Qxa7 34.
Bc4 c5 35. b5 Qb7 36. Bf7 Rf8 37. Bd5 Qxb5 38. Rxe7+ Kh8 39. Rc7 Qxb3 40. Bxb3
Rxb3 41. Ree7 Nxf4+ 42. gxf4 Rh3 43. Rxc5 d3 44. Rd5 Ra8 45. Rd4 Ra2+ 46. Kg1
Rg3+ 47. Kf1 Be2+ 48. Kf2 Rf3+ 49. Kg1 Rf1+ 50. Kg2 Ra8 51. Rdd7 Rc1 52. Rh7+
Kg8 53. Rhg7+ Kf8 54. Rgf7+ Ke8 55. Rfe7+ Kf8 56. Rf7+ Kg8 57. Rg7+ Kh8 58.
Rh7+ Kg8 59. Rhg7+ 1/2-1/2

[Event "Junior Online 4NCL Division 2"]
[Site "online"]
[Date "2020.05.28"]
[Round "7.82"]
[White "Pert, Max"]
[Black "Nagda, Maanav"]
[Result "1-0"]
[WhiteElo "1727"]
[BlackElo "1600"]
[PlyCount "73"]
[EventDate "2020.05.28"]
[WhiteTeam "Brentwood 1"]
[BlackTeam "Watford 1"]

1. e4 e6 2. d4 d5 3. e5 c5 4. c3 Nc6 5. Nf3 Bd7 6. Bd3 Qb6 7. dxc5 Bxc5 8. O-O
Nge7 9. b4 Bxb4 10. cxb4 Qxb4 11. Bd2 Qb6 12. Nc3 Qc7 13. Nb5 Qb8 14. Nd6+ Kf8
15. Bc3 a6 16. Rb1 Ra7 17. Ng5 Nd8 18. Qf3 Be8 19. Bd4 Ra8 20. Bb6 h6 21. Bxd8
hxg5 22. Bxe7+ Kxe7 23. Rxb7+ Qxb7 24. Nxb7 a5 25. Qe3 f6 26. Qc5+ Kf7 27. Nd6+
Kg8 28. Nxe8 Rxe8 29. Qc6 Kf7 30. exf6 gxf6 31. Rb1 f5 32. Rb7+ Kg6 33. Qd7
Reg8 34. Qf7+ Kh6 35. Qxe6+ Rg6 36. Qxf5 Rhg8 37. Qh3# 1-0

[Event "Junior Online 4NCL Division 2"]
[Site "online"]
[Date "2020.05.28"]
[Round "7.83"]
[White "Holland, Gabriella"]
[Black "Molostvov, Dmitry M"]
[Result "0-1"]
[WhiteElo "1570"]
[BlackElo "1592"]
[PlyCount "112"]
[EventDate "2020.05.28"]
[WhiteTeam "Watford 1"]
[BlackTeam "Brentwood 1"]

1. e4 c5 2. Nf3 Nc6 3. d4 cxd4 4. c3 Nf6 5. Bd3 e5 6. O-O Be7 7. Nbd2 O-O 8.
Bb5 dxc3 9. Nc4 Nxe4 10. Ncxe5 Nxe5 11. Nxe5 d5 12. bxc3 Nxc3 13. Qd3 Nxb5 14.
Qxb5 Bf6 15. Bf4 Re8 16. Nd3 Bxa1 17. Rxa1 Bf5 18. Nb4 Qe7 19. h3 Rac8 20. Nxd5
Qc5 21. Qxc5 Rxc5 22. Nc7 Rc8 23. Rd1 h6 24. Nd5 Kh7 25. Ne7 Re8 26. Nd5 Rc2
27. Nb4 Rb2 28. a3 Ree2 29. Rf1 a5 30. Nd5 Bd3 31. Bc1 Rbc2 32. Be3 Bc4 33. Nf4
Rxe3 34. fxe3 Bxf1 35. Kxf1 Rc3 36. Nd5 Rxa3 37. Ke2 Kg6 38. Kf3 Kf5 39. g4+
Ke5 40. Nf4 a4 41. Nh5 g6 42. Nf4 Ra1 43. Ne2 a3 44. Nc3 a2 45. h4 Rf1+ 46. Ke2
a1=Q 47. Kd3 Rd1+ 48. Nxd1 Qxd1+ 49. Kc4 Qxg4+ 50. Kd3 Qe4+ 51. Ke2 b5 52. h5
gxh5 53. Kd2 b4 54. Kc1 b3 55. Kb2 Qc2+ 56. Ka1 Qa2# 0-1

[Event "Junior Online 4NCL Division 2"]
[Site "online"]
[Date "2020.05.28"]
[Round "7.84"]
[White "Gohil, Shayan"]
[Black "Morrell, Sean"]
[Result "0-1"]
[WhiteElo "1390"]
[BlackElo "1480"]
[PlyCount "70"]
[EventDate "2020.05.28"]
[WhiteTeam "Brentwood 1"]
[BlackTeam "Watford 1"]

1. e4 e6 2. d4 d5 3. e5 c5 4. Nf3 Nc6 5. Bb5 Bd7 6. Bf4 Nxe5 7. Bxd7+ Nxd7 8.
Nc3 Ngf6 9. O-O Be7 10. Re1 O-O 11. Ng5 cxd4 12. Qxd4 Ng4 13. Nf3 Bc5 14. Bc7
Bxd4 15. Bxd8 Bxf2+ 16. Kh1 Bxe1 17. Rxe1 Rfxd8 18. Kg1 a6 19. h3 Ngf6 20. Ne2
Rac8 21. c3 Nc5 22. Rd1 Nce4 23. a4 h6 24. Nfd4 Rc4 25. Ra1 Rdc8 26. Ra3 Nd7
27. Rb3 Ndc5 28. Ra3 Rxa4 29. Rxa4 Nxa4 30. Kh2 Nxb2 31. g4 Nxc3 32. Nf4 e5 33.
Nh5 exd4 34. h4 d3 35. Nf4 d2 0-1

[Event "Junior Online 4NCL Division 2"]
[Site "online"]
[Date "2020.05.28"]
[Round "7.85"]
[White "Pert, Nina"]
[Black "Dasgupta, Avyukt"]
[Result "0-1"]
[WhiteElo "1772"]
[BlackElo "1585"]
[PlyCount "104"]
[EventDate "2020.05.28"]
[WhiteTeam "Brentwood 1"]
[BlackTeam "Watford 1"]

1. e4 e6 2. d4 d5 3. Nc3 Nf6 4. Bg5 h6 5. Bxf6 gxf6 6. f3 c6 7. Nge2 Bd6 8. Qd2
Nd7 9. Ng3 Qc7 10. Nh5 Bf8 11. Bd3 b6 12. Qf2 Bb7 13. Qh4 O-O-O 14. O-O-O Be7
15. Qf2 Rhg8 16. Kb1 Rg5 17. Ng3 Bd6 18. Nge2 Rdg8 19. g3 h5 20. f4 R5g7 21. e5
fxe5 22. dxe5 Bc5 23. Qf3 Be7 24. Qxh5 c5 25. Nb5 Qb8 26. Nc1 a6 27. Nc3 d4 28.
Ne4 Qa8 29. Rhe1 Qb8 30. Qe2 b5 31. Qf2 Bd5 32. Bf1 Nb6 33. Nb3 Qc7 34. Qd2 Nc4
35. Bxc4 Bxc4 36. Nc1 Bd5 37. c3 dxc3 38. Qxc3 b4 39. Qc2 c4 40. Qa4 Kb7 41.
Ka1 Ka7 42. Qc2 Rc8 43. Qf2+ Ka8 44. h4 a5 45. h5 a4 46. Nf6 Bxf6 47. exf6 Rgg8
48. Qd2 Rb8 49. Re3 Qa5 50. Qd4 Rgc8 51. h6 Qb5 52. Re5 Rc5 0-1

[Event "Junior Online 4NCL Division 2"]
[Site "online"]
[Date "2020.05.28"]
[Round "7.86"]
[White "Nagda, Maanav"]
[Black "Pert, Max"]
[Result "0-1"]
[WhiteElo "1600"]
[BlackElo "1727"]
[PlyCount "82"]
[EventDate "2020.05.28"]
[WhiteTeam "Watford 1"]
[BlackTeam "Brentwood 1"]

1. d4 d5 2. Nc3 Nf6 3. Bg5 Bf5 4. Bxf6 exf6 5. e3 c6 6. Nf3 Bd6 7. Bd3 Bxd3 8.
Qxd3 O-O 9. O-O Re8 10. Rfe1 Nd7 11. h3 Nf8 12. Rad1 Ng6 13. a3 Qb6 14. Rb1 Re7
15. Qd2 Rae8 16. Qd3 Bb8 17. Qd2 Qc7 18. Qd1 h6 19. Ra1 Qd6 20. Qd2 Nf8 21.
Rab1 Nd7 22. Qd1 Nb6 23. Qd2 Nc4 24. Qd1 Bc7 25. Kf1 Ba5 26. b4 Bc7 27. Ra1 Qe6
28. Kg1 Qf5 29. Qc1 Qg6 30. Kh1 Nd6 31. Kg1 Nf5 32. Rb1 Re4 33. Nxe4 dxe4 34.
Nd2 Nh4 35. g3 Bxg3 36. Re2 Bd6+ 37. Kf1 Qg2+ 38. Ke1 Nf3+ 39. Kd1 Qg1+ 40. Nf1
Qxf1+ 41. Re1 Qxe1# 0-1

[Event "Junior Online 4NCL Division 2"]
[Site "online"]
[Date "2020.05.28"]
[Round "7.87"]
[White "Molostvov, Dmitry M"]
[Black "Holland, Gabriella"]
[Result "1-0"]
[WhiteElo "1592"]
[BlackElo "1570"]
[PlyCount "31"]
[EventDate "2020.05.28"]
[WhiteTeam "Brentwood 1"]
[BlackTeam "Watford 1"]

1. d4 e6 2. c4 d5 3. cxd5 exd5 4. Nc3 Nf6 5. Bg5 Be7 6. Nf3 O-O 7. e3 h6 8. Bh4
c6 9. Bd3 Bg4 10. h3 Bxf3 11. Qxf3 Ne4 12. Bxe7 Qxe7 13. Nxe4 dxe4 14. Qxe4
Qb4+ 15. Kf1 Qxb2 16. Qh7# 1-0

[Event "Junior Online 4NCL Division 2"]
[Site "online"]
[Date "2020.05.28"]
[Round "7.88"]
[White "Morrell, Sean"]
[Black "Gohil, Shayan"]
[Result "1-0"]
[WhiteElo "1480"]
[BlackElo "1390"]
[PlyCount "93"]
[EventDate "2020.05.28"]
[WhiteTeam "Watford 1"]
[BlackTeam "Brentwood 1"]

1. e4 e5 2. Nf3 Nc6 3. Bc4 Bc5 4. O-O Nf6 5. d4 d5 6. exd5 Nxd5 7. dxc5 Nce7 8.
Nxe5 Bf5 9. Bxd5 Nxd5 10. c4 Nf6 11. Qxd8+ Rxd8 12. Bg5 O-O 13. Bxf6 gxf6 14.
Nf3 Bd3 15. Rd1 Bxc4 16. Rxd8 Rxd8 17. Nc3 b6 18. cxb6 cxb6 19. h3 b5 20. Rd1
Re8 21. b3 Be2 22. Re1 b4 23. Rxe2 Kf8 24. Rxe8+ Kxe8 25. Nd5 Kd7 26. Nxf6+ Kc6
27. Nxh7 Kd5 28. Nhg5 Kd6 29. h4 Kd5 30. Nxf7 Ke4 31. h5 Kd3 32. h6 Kc2 33. h7
Kb2 34. h8=Q+ Kxa2 35. Nd4 Ka3 36. Qa8 Kb2 37. Qxa7 Kc3 38. Qc5+ Kb2 39. Qxb4
Ka1 40. Qa3+ Kb1 41. Nf3 Kc2 42. b4 Kd1 43. Qd3+ Kc1 44. N7e5 Kb2 45. Nc4+ Ka2
46. Qa3+ Kb1 47. Qb2# 1-0

[Event "Junior Online 4NCL Division 2"]
[Site "online"]
[Date "2020.06.04"]
[Round "8.11"]
[White "Collins, Adam"]
[Black "Dicen, Imogen"]
[Result "1/2-1/2"]
[WhiteElo "1760"]
[BlackElo "1847"]
[PlyCount "91"]
[EventDate "2020.06.04"]
[WhiteTeam "A6 and Chill"]
[BlackTeam "Warwickshire Bears A"]

1. e4 c5 2. c3 Nc6 3. d4 cxd4 4. cxd4 d5 5. exd5 Qxd5 6. Nf3 Nf6 7. Nc3 Qd8 8.
Be2 Bf5 9. Be3 e6 10. O-O Be7 11. Ne5 O-O 12. Nxc6 bxc6 13. Rc1 Nd5 14. Nxd5
cxd5 15. Bd3 Bxd3 16. Qxd3 Qd6 17. Qd2 f6 18. Rfe1 Rfe8 19. Bf4 Qa6 20. Qe3 Bd6
21. Bxd6 Qxd6 22. f4 Rad8 23. Rc2 Kf7 24. Rce2 Rd7 25. Qh3 Kg8 26. Rxe6 Rxe6
27. Rxe6 Qc7 28. Re8+ Kf7 29. Qe6+ Kg6 30. f5+ Kh6 31. Qe3+ Kh5 32. Rh8 h6 33.
g3 Kg4 34. Qe2+ Kg5 35. Qf3 Qc1+ 36. Kg2 Qd2+ 37. Kh3 Qxd4 38. Re8 Rc7 39. Re2
h5 40. Rf2 Qg4+ 41. Qxg4+ hxg4+ 42. Kg2 d4 43. Kf1 d3 44. Rd2 Rd7 45. Kf2 Kxf5
46. Ke3 1/2-1/2

[Event "Junior Online 4NCL Division 2"]
[Site "online"]
[Date "2020.06.04"]
[Round "8.12"]
[White "Chen, Daniel Xingyu"]
[Black "O'cuilleanain, Oisin"]
[Result "1-0"]
[WhiteElo "1750"]
[BlackElo "1660"]
[PlyCount "65"]
[EventDate "2020.06.04"]
[WhiteTeam "Warwickshire Bears A"]
[BlackTeam "A6 and Chill"]

1. e4 e5 2. Nf3 Nc6 3. Bb5 a6 4. Ba4 Nf6 5. O-O Be7 6. Re1 b5 7. Bb3 O-O 8. c3
d5 9. exd5 Nxd5 10. Nxe5 Nxe5 11. Rxe5 Nf6 12. d4 Bd6 13. Re1 Ng4 14. h3 Qh4
15. Qf3 Nxf2 16. Re2 Bxh3 17. gxh3 Nxh3+ 18. Kg2 Ng5 19. Bxg5 Qxg5+ 20. Kf2
Qh4+ 21. Kf1 c5 22. dxc5 Bxc5 23. Nd2 Kh8 24. Ne4 Be7 25. Rd1 Rad8 26. Rxd8
Rxd8 27. Nf2 Bf6 28. Bxf7 Qa4 29. Qd5 h6 30. Qc6 Qf4 31. Re8+ Kh7 32. Rxd8 Bxd8
33. Bg6+ 1-0

[Event "Junior Online 4NCL Division 2"]
[Site "online"]
[Date "2020.06.04"]
[Round "8.13"]
[White "Avetisyan, Gagik"]
[Black "Wong, Tristan"]
[Result "0-1"]
[WhiteElo "1553"]
[BlackElo "1705"]
[PlyCount "116"]
[EventDate "2020.06.04"]
[WhiteTeam "A6 and Chill"]
[BlackTeam "Warwickshire Bears A"]

1. d4 Nf6 2. c4 d6 3. Nc3 Nc6 4. d5 Nb8 5. e4 g6 6. f4 Bg7 7. Nf3 O-O 8. Be2 c6
9. e5 dxe5 10. fxe5 Ng4 11. Bf4 Qb6 12. Qd4 Qxb2 13. Rb1 Qc2 14. O-O c5 15. Qd3
Qxd3 16. Bxd3 Nd7 17. Rfe1 g5 18. Nxg5 Ndxe5 19. Bxh7+ Kh8 20. Bxe5 Bxe5 21.
Nce4 f6 22. Nf3 Kxh7 23. Neg5+ fxg5 24. Nxe5 Nxe5 25. Rxe5 Rf7 26. Rbe1 Bf5 27.
Rxe7 Raf8 28. Rxf7+ Rxf7 29. Rf1 Kg6 30. g3 Bd3 31. Rc1 b6 32. Rc3 Rf1+ 33. Kg2
Rd1 34. Kf3 Bf5 35. Ke2 Ra1 36. a3 Ra2+ 37. Kf3 Rxh2 38. Re3 g4+ 39. Kf4 Rf2+
40. Ke5 Rf3 41. Re2 Rxg3 42. Kd6 Rxa3 43. Kc6 g3 44. d6 Rd3 45. Re8 Kf7 46.
Re7+ Kf8 47. Re2 g2 48. Rxg2 Be4+ 49. Kc7 Bxg2 50. d7 Ke7 51. Kb8 a5 52. Ka7 a4
53. d8=B+ Kxd8 54. Kb8 a3 55. Ka7 a2 56. Kb8 b5 57. cxb5 a1=Q 58. b6 Qa8# 0-1

[Event "Junior Online 4NCL Division 2"]
[Site "online"]
[Date "2020.06.04"]
[Round "8.14"]
[White "Agrawal, Ansh"]
[Black "Hackett, William"]
[Result "0-1"]
[WhiteElo "1607"]
[BlackElo "1530"]
[PlyCount "118"]
[EventDate "2020.06.04"]
[WhiteTeam "Warwickshire Bears A"]
[BlackTeam "A6 and Chill"]

1. d4 d5 2. c4 c6 3. Nc3 Nf6 4. Nf3 e6 5. Bf4 Bd6 6. Bxd6 Qxd6 7. e3 O-O 8. Be2
Nbd7 9. O-O Re8 10. h3 b6 11. Rc1 Bb7 12. cxd5 cxd5 13. Nb5 Qb4 14. Nc7 Qxb2
15. Nxa8 Bxa8 16. Qc2 Qb4 17. Qc3 Qxc3 18. Rxc3 Ne4 19. Rc2 Kf8 20. Rfc1 Ke7
21. Rc7 a5 22. Bb5 Rd8 23. Ne5 Nef6 24. Nxd7 Nxd7 25. Bxd7 Rxd7 26. Rxd7+ Kxd7
27. Rb1 Kc6 28. g4 Bb7 29. Kg2 b5 30. f3 Kb6 31. h4 Ba6 32. a3 Bb7 33. Kg3 f6
34. g5 e5 35. gxf6 gxf6 36. Kg4 Bc8+ 37. Kh5 Bf5 38. Kh6 Bxb1 39. Kg7 exd4 40.
exd4 b4 41. axb4 axb4 42. Kxf6 b3 43. Ke5 b2 44. f4 Bc2 45. f5 Bxf5 46. Kxf5
b1=Q+ 47. Ke5 Qe4+ 48. Kf6 Qxd4+ 49. Kg5 Kc5 50. Kh6 Qxh4+ 51. Kg7 Qe4 52. Kh6
d4 53. Kg7 d3 54. Kh6 d2 55. Kg7 d1=Q 56. Kh6 Qdf3 57. Kg7 Qeg4+ 58. Kh8 Qf8+
59. Kxh7 Qgg7# 0-1

[Event "Junior Online 4NCL Division 2"]
[Site "online"]
[Date "2020.06.04"]
[Round "8.15"]
[White "Dicen, Imogen"]
[Black "Collins, Adam"]
[Result "0-1"]
[WhiteElo "1847"]
[BlackElo "1760"]
[PlyCount "66"]
[EventDate "2020.06.04"]
[WhiteTeam "Warwickshire Bears A"]
[BlackTeam "A6 and Chill"]

1. d4 c6 2. c4 d5 3. Nf3 Nf6 4. Bg5 dxc4 5. Bxf6 exf6 6. Nc3 b5 7. e4 Bb7 8.
Be2 Nd7 9. O-O Be7 10. Qd2 O-O 11. Rac1 Re8 12. Nh4 Bf8 13. Bf3 a6 14. Nf5 g6
15. Ne3 Ne5 16. Be2 Bg7 17. Rfd1 Nd7 18. Bf3 Bh6 19. a3 Nf8 20. Qe2 Qb6 21. Qc2
Ne6 22. Ne2 Rad8 23. Qc3 Ng5 24. Ng4 Bg7 25. h4 Nxe4 26. Bxe4 Rxe4 27. Qf3 f5
28. Ne3 Rxh4 29. g3 Re4 30. Nc3 Rexd4 31. Re1 Rd3 32. Qf4 c5 33. a4 Qc6 0-1

[Event "Junior Online 4NCL Division 2"]
[Site "online"]
[Date "2020.06.04"]
[Round "8.16"]
[White "O'cuilleanain, Oisin"]
[Black "Chen, Daniel Xingyu"]
[Result "0-1"]
[WhiteElo "1660"]
[BlackElo "1750"]
[PlyCount "66"]
[EventDate "2020.06.04"]
[WhiteTeam "A6 and Chill"]
[BlackTeam "Warwickshire Bears A"]

1. e4 g6 2. d4 Bg7 3. Be3 d6 4. Ne2 a6 5. f3 b5 6. Qd2 Bb7 7. Na3 Nd7 8. c4 c6
9. g4 Nb6 10. Ng3 Nf6 11. g5 Nfd7 12. h4 c5 13. cxb5 axb5 14. Bxb5 O-O 15. h5
cxd4 16. Bxd4 Bxd4 17. Qxd4 d5 18. hxg6 fxg6 19. Ke2 e5 20. Qg1 Qe7 21. Qh2 Rf7
22. Rag1 dxe4 23. Nxe4 Bxe4 24. fxe4 Qb4 25. Bd3 Qxb2+ 26. Nc2 Rc8 27. Rc1 Nc5
28. Qg3 Nxd3 29. Qxd3 Rc3 30. Qd8+ Rf8 31. Qd2 Qb5+ 32. Ke1 Rd3 33. Qh2 Qa5+
0-1

[Event "Junior Online 4NCL Division 2"]
[Site "online"]
[Date "2020.06.04"]
[Round "8.17"]
[White "Wong, Tristan"]
[Black "Avetisyan, Gagik"]
[Result "0-1"]
[WhiteElo "1705"]
[BlackElo "1553"]
[PlyCount "50"]
[EventDate "2020.06.04"]
[WhiteTeam "Warwickshire Bears A"]
[BlackTeam "A6 and Chill"]

1. d4 Nf6 2. Bf4 g6 3. Nc3 Bg7 4. e4 d6 5. Qd2 Nbd7 6. Bh6 O-O 7. Bxg7 Kxg7 8.
h4 c5 9. h5 Nxh5 10. Rxh5 gxh5 11. Qg5+ Kh8 12. Nf3 Nf6 13. e5 dxe5 14. dxe5
Rg8 15. Qh6 Rg6 16. Qf4 Nd5 17. Nxd5 Qxd5 18. Bd3 Rg4 19. Qh6 Re4+ 20. Bxe4
Qxe4+ 21. Qe3 Qxc2 22. Rc1 Qxb2 23. Qxc5 b6 24. Qc4 Ba6 25. Qc3 Qe2# 0-1

[Event "Junior Online 4NCL Division 2"]
[Site "online"]
[Date "2020.06.04"]
[Round "8.18"]
[White "Hackett, William"]
[Black "Agrawal, Ansh"]
[Result "0-1"]
[WhiteElo "1530"]
[BlackElo "1607"]
[PlyCount "102"]
[EventDate "2020.06.04"]
[WhiteTeam "A6 and Chill"]
[BlackTeam "Warwickshire Bears A"]

1. c4 e5 2. Nc3 Nf6 3. g3 Nc6 4. Bg2 Bb4 5. d3 d6 6. Nf3 Bg4 7. O-O Bxc3 8.
bxc3 Qd7 9. Qc2 Bh3 10. d4 Bxg2 11. Kxg2 exd4 12. cxd4 d5 13. Ba3 Ne7 14. cxd5
Nfxd5 15. Ne5 Qc8 16. Rfc1 c6 17. Bxe7 Nxe7 18. Qb3 O-O 19. Rab1 Rb8 20. Qf3
Qe6 21. Qb3 Qc8 22. e3 Nf5 23. Qd3 Nd6 24. Nc4 Rd8 25. Nxd6 Rxd6 26. Rb4 Rh6
27. h4 Qe6 28. Qb3 Qd7 29. Rb1 b6 30. a4 Qg4 31. Qd1 Qg6 32. Qf3 Rxh4 33. Rc1
Rh6 34. Rbc4 Rc8 35. d5 c5 36. a5 Qd6 37. e4 Rf6 38. Qe3 Rh6 39. axb6 axb6 40.
Rd1 Rh5 41. f4 Qh6 42. d6 Rh2+ 43. Kf1 Rh1+ 44. Ke2 Qh2+ 45. Kf3 Rxd1 46. e5
Qh1+ 47. Kg4 h5+ 48. Kf5 Qh3+ 49. Ke4 f5+ 50. Kf3 Qf1+ 51. Qf2 Rd3# 0-1

[Event "Junior Online 4NCL Division 2"]
[Site "online"]
[Date "2020.06.04"]
[Round "8.21"]
[White "Pert, Nina"]
[Black "McGlade, Emmet"]
[Result "0-1"]
[WhiteElo "1772"]
[BlackElo "1625"]
[PlyCount "60"]
[EventDate "2020.06.04"]
[WhiteTeam "Brentwood 1"]
[BlackTeam "Gonzaga College SJ B"]

1. e4 c6 2. d4 d5 3. e5 c5 4. Nf3 Nc6 5. c4 Bg4 6. cxd5 Bxf3 7. Qxf3 Nxd4 8.
Qe4 Nh6 9. Bxh6 gxh6 10. Nc3 Bg7 11. Bd3 Qc7 12. f4 O-O-O 13. a4 a6 14. O-O Nb3
15. Rad1 c4 16. Bxc4 Nc5 17. Qe2 Kb8 18. b4 Nd7 19. b5 Nb6 20. Rd4 Qc5 21. Rfd1
Rc8 22. Ne4 Qa3 23. bxa6 Nxc4 24. Rxc4 Rxc4 25. Qxc4 Rc8 26. Qb5 Rc7 27. Rb1
Qe3+ 28. Kh1 Rc1+ 29. Rxc1 Qxc1+ 30. Qf1 Qxf1# 0-1

[Event "Junior Online 4NCL Division 2"]
[Site "online"]
[Date "2020.06.04"]
[Round "8.22"]
[White "O'laoide, Liam"]
[Black "Pert, Max"]
[Result "1-0"]
[WhiteElo "1585"]
[BlackElo "1727"]
[PlyCount "125"]
[EventDate "2020.06.04"]
[WhiteTeam "Gonzaga College SJ B"]
[BlackTeam "Brentwood 1"]

1. e4 c5 2. Nf3 Nc6 3. Bb5 d6 4. Bxc6+ bxc6 5. O-O Bg4 6. d3 Nf6 7. Re1 e5 8.
c3 Be7 9. Bg5 h6 10. Bh4 g5 11. Bg3 h5 12. h3 Bxf3 13. Qxf3 g4 14. hxg4 hxg4
15. Qe2 Qd7 16. Na3 Nh5 17. Qe3 Nxg3 18. Qxg3 Qe6 19. Nc4 Qh6 20. Kf1 Qg6 21.
Ne3 Bg5 22. Qxg4 Rh4 23. Qg3 Qh5 24. Qf3 Qxf3 25. gxf3 Rf4 26. Ke2 Kd7 27. Rg1
Be7 28. Nf5 Rh8 29. Rh1 Rg8 30. Rag1 Rxg1 31. Rxg1 Ke6 32. Ke3 d5 33. d4 cxd4+
34. cxd4 dxe4 35. fxe4 Bf6 36. dxe5 Bxe5 37. f3 f6 38. b3 Rxf5 39. exf5+ Kxf5
40. Rd1 Ke6 41. f4 Bd6 42. Ke4 f5+ 43. Kf3 a5 44. Rc1 c5 45. Rc4 Kd5 46. Ra4
Bc7 47. Rc4 Bb6 48. Kg3 Ke6 49. Kh4 Kf6 50. a3 Kg6 51. b4 cxb4 52. Rc6+ Kf7 53.
Rxb6 bxa3 54. Ra6 a2 55. Rxa5 Ke6 56. Rxa2 Kd5 57. Ra5+ Ke4 58. Re5+ Kxf4 59.
Ra5 Ke4 60. Kg5 f4 61. Ra4+ Ke3 62. Rxf4 Kd3 63. Kf5 1-0